000 00651nam a2200229Ia 4500
003 OSt
005 20220918230916.0
006 a|||||r|||| 00| 0
007 ta
008 220917b |||||||| |||| 00| 0 eng d
024 _a261,569
037 _cTextual
040 _aARTS
_cARTS
_beng
041 _2eng
_aeng
082 _aY:(G:55), P5;1
100 _aLamba Harinder S
_9153503
245 0 _aRethinking progress
_b towards a creative transformation of global society
260 _aDelhi
_bDannish Books
_c2005
650 _aSOCIOLOGY
942 _hY:(G:55), P5;1
_cTEXL
_2CC
999 _c289273
_d289273